00889nam a2200217Ia 450000500170000000800410001708200220005811000380008024500870011825000190020530000420022461000580026665000560032465000640038065000580044426400460050233600270054833700330057533800280060804000350063620220317001241.0160825s2000 ck a g 000 0 spa 04aR 708.074 bB15or2 aBanco de la República. Riohacha10aOro y Jade, emblemas de poder en Costa RicacBanco de la Republica , Museo del Oro a1a. edición  a91 páginas bilustraciones c27 cm 2 aMuseo del Oro (Bogotá)vExposiciones vCatálogos 142LEMBaArte precolombinovExposicionesvCatálogos 142LEMB aOrfebrería precolombinavExposiciones zCosta Rica142LEMB aIndígenas de Costa RicavExposiciones xArte aBogotábBanco de la Repúblicac[2000] atextobtxt2rdacontent asin mediaciónbn2rdamedia avolumenbnc2rdacarrier aCO-BoRNBPbspaerdacCO-BoRNBP